| 000 | 00503nam a22001697a 4500 | ||
|---|---|---|---|
| 003 | LK-CoDNM | ||
| 005 | 20260307092124.0 | ||
| 008 | 260307b |||||||| |||| 00| 0 eng d | ||
| 022 | _a9786249376472 | ||
| 040 |
_aLK-CoDNM _dLK-CoDNM _eLK-CoDNM |
||
| 080 |
_aX8C31 _bBUL |
||
| 100 | _aබුළුගොඩ,අචලා සමන්මලී | ||
| 245 | _aනොනිදන්න නිදිකුම්බා | ||
| 260 |
_aruwanwella _bnethro publisher _c2024 |
||
| 300 | _a200p,21cm | ||
| 942 | _cBK | ||
| 999 |
_c240587 _d240587 |
||